| 000 | 00351nam a22001577a 4500 | ||
|---|---|---|---|
| 003 | SGT | ||
| 020 | _a 978-3857094361 | ||
| 082 |
_a700 _bG94P |
||
| 100 | _a B. Martin Pedersen | ||
| 245 | _aGraphis Typography | ||
| 250 | _a1ST | ||
| 260 |
_aSwitzerland _bGraphis Press _c1994 |
||
| 300 | _a256 | ||
| 650 | _aMASS COMMUNICATION | ||
| 942 |
_2ddc _cBK _01 |
||
| 999 |
_c12921 _d12921 |
||